Home Print Resources E-Books E-Journals IIMT Lecture Series Library Membership Form Book Recommendation Form Campus Tour Take AdmissionAbout Us Contact Us

LITCHI (Record no. 56328)

000 -LEADER
fixed length control field 00361nam a22001577a 4500
003 - CONTROL NUMBER IDENTIFIER
control field OSt
005 - DATE AND TIME OF LATEST TRANSACTION
control field 20231125050515.0
008 - FIXED-LENGTH DATA ELEMENTS--GENERAL INFORMATION
fixed length control field 230202b xxu||||| |||| 00| 0 eng d
020 ## - INTERNATIONAL STANDARD BOOK NUMBER
International Standard Book Number 8127202916
040 ## - CATALOGING SOURCE
Transcribing agency IIMT UNIVERSITY, MEERUT
100 ## - MAIN ENTRY--PERSONAL NAME
Personal name KANWAR, J.S.
245 ## - TITLE STATEMENT
Title LITCHI
260 ## - PUBLICATION, DISTRIBUTION, ETC.
Place of publication, distribution, etc. NEW DELHI
Name of publisher, distributor, etc. KALYANI PUB
Date of publication, distribution, etc. 2002
300 ## - PHYSICAL DESCRIPTION
Extent 244
942 ## - ADDED ENTRY ELEMENTS (KOHA)
Source of classification or shelving scheme
Koha item type Book Bank
Holdings
Withdrawn status Lost status Source of classification or shelving scheme Damaged status Not for loan Home library Current library Date acquired Source of acquisition Cost, normal purchase price Inventory number Total Checkouts Barcode Date last seen Price effective from Koha item type
          IIMT University Central Library Meerut IIMT University Central Library Meerut 02/02/2023 PRAKASH BOOK DEPOT 175.00 244   01-B-139369 02/02/2023 02/02/2023 Book Bank
          IIMT University Central Library Meerut IIMT University Central Library Meerut 02/02/2023 PRAKASH BOOK DEPOT 175.00 244   01-B-139370 02/02/2023 02/02/2023 Book Bank
          IIMT University Central Library Meerut IIMT University Central Library Meerut 02/02/2023 PRAKASH BOOK DEPOT 175.00 244   01-B-139371 02/02/2023 02/02/2023 Book Bank
IIMT, Central Library. All Rights Reserved IIMT,UNIVERSITY © 2023
Implemented and Customised by I CLOUDE EMS
You Are OPAC Visitor No
free web counter

Powered by Koha